| 000 | 01389pam a22003857a 4500 | ||
|---|---|---|---|
| 001 | 15309543 | ||
| 003 | NUST | ||
| 005 | 20210923112748.0 | ||
| 008 | 080529s2008 njua b 001 0 eng | ||
| 010 | _a 2008299267 | ||
| 015 |
_aGBA780137 _2bnb |
||
| 016 | 7 | _2Uk | |
| 020 | _a9789353432782 | ||
| 035 | _a(OCoLC)ocn192026500 | ||
| 038 | _akhadija | ||
| 040 |
_aUKM _cUKM _dDLC |
||
| 042 |
_aukblcatcopy _alccopycat |
||
| 050 | 0 | 0 |
_aQA371 _b.E3 2008 |
| 082 | 0 | 0 |
_a515.35 _222 _bHEN |
| 100 | 1 |
_aEdwards, C. Henry & Penney,David E. _q(Charles Henry), _d1937- _934500 |
|
| 245 | 1 | 0 |
_aElementary Differential Equations _cC. Henry Edwards, David E. Penney ; with the assistance of David Calvis. |
| 250 | _a6th ed. | ||
| 260 |
_aIndia: _bPearson Prentice Hall, _cc2008. |
||
| 300 |
_ax, 760, I-6 p. : _bill. ; _c26 cm. |
||
| 500 | _aTables on endpapers. | ||
| 504 | _aIncludes bibliographical references and index. | ||
| 563 | _aPB | ||
| 650 | 0 |
_aDifferential equations. _9688 |
|
| 650 | 0 |
_aDifferential equations _xComputer programs. _934501 |
|
| 700 | 1 |
_aPenney, David E. _9690 |
|
| 856 | 4 | 1 |
_3Table of contents _uhttp://www.loc.gov/catdir/toc/fy0804/2008299267.html |
| 906 |
_a7 _bcbc _ccopycat _d2 _encip _f20 _gy-gencatlg |
||
| 942 |
_2ddc _cBK |
||
| 999 |
_c540463 _d540463 |
||